| 000 | 01037nam a2200265Ia 4500 | ||
|---|---|---|---|
| 003 | OSt | ||
| 005 | 20220923211357.0 | ||
| 006 | a|||||r|||| 00| 0 | ||
| 007 | ta | ||
| 008 | 220922b |||||||| |||| 00| 0 san d | ||
| 020 |
_a9788188257812 (hbk) _c900 |
||
| 024 | _a263,113 | ||
| 037 |
_b233, 29/09/2011, Eastern Book Linkers _cTextual |
||
| 040 |
_aARTS _cARTS _bsan |
||
| 041 |
_2san _asan |
||
| 082 | _aO15:g(W6), 152Q0 | ||
| 100 |
_aआसोपा, लक्ष्मीनारायण, संपा. _9160328 |
||
| 245 | 0 | _aसंस्कृत वाड् मय में लोकतन्त्र | |
| 246 | _aSanskṛut vāḍ maya mean lokatantra | ||
| 260 |
_aजयपुर _b हंसा प्रकाशन _c2010 |
||
| 300 |
_a448पृ0 _ccm. |
||
| 650 | _aसंस्कृत साहित्य | ||
| 942 |
_hO15:g(W6), 152Q0 _cTEXL _2CC |
||
| 999 |
_c298902 _d298902 |
||